000 00585nam a2200181Ia 4500
008 090630s9999 xx 000 0 und d
082 _b17193
100 _aदेवळे श. रा.
245 _aपतंग घडवू चला !.
_cदेवळे श. रा.
260 _bसुविद्या.
300 _a0
600 _aदेवळे श. रा.
630 _aपतंग घडवू चला !.
655 _aबालवाङमय.
700 _aदेवळे श. रा.
730 _aपतंग घडवू चला !.
942 _cBOOK
999 _c269049
_d269049